000 00885nam a2200277Ia 4500
003 OSt
005 20220925223656.0
006 a|||||r|||| 00| 0
007 ta
008 220923b |||||||| |||| 00| 0 eng d
020 _a9780415437639
_c6647.8500000000004
037 _bBBS/46, 21/12/2010, Better Book Service
_cGeneral Book
040 _aRTL
_cRTL
_beng
041 _2eng
_aeng
082 _aX:54, P3;Q0
100 _aJohnson Debra
_9289159
245 0 _aInternational business
_b Themes and issues in the modern global economy
250 _a2
260 _aLondon
_bRoutledge
_c2010
300 _axxvii, 496p
_ccm.
500 _aBibliography chapterwise
650 _aCommerce
700 _a Turner Colin
942 _hX:54, P3;Q0
_cGB
_2CC
999 _c580173
_d580173